European Directive Environmental Assessment (EA) (Record no. 10457)

MARC details
000 -LEADER
fixed length control field 00856cab a2200229 4500
001 - CONTROL NUMBER
control field ABS39313
008 - FIXED-LENGTH DATA ELEMENTS--GENERAL INFORMATION
fixed length control field 090401t1988 xxu||||| |||| 00| 0 eng d
035 ## - SYSTEM CONTROL NUMBER
System control number (Sirsi) u15883
041 ## - LANGUAGE CODE
Language code of text/sound track or separate title eng
100 ## - MAIN ENTRY--PERSONAL NAME
Personal name Stirrat, R.
245 ## - TITLE STATEMENT
Title European Directive Environmental Assessment (EA)
260 ## - PUBLICATION, DISTRIBUTION, ETC.
Date of publication, distribution, etc. 1988
350 ## - PRICE (NR) (BK AM CF MU VM SE) [OBSOLETE]
Price 0
490 ## - SERIES STATEMENT
Series statement Landowning in Scotland
Volume/sequential designation (212) Summer 1988, 40(1)
520 ## - SUMMARY, ETC.
Summary, etc. Lists the type of projects which are included in Annexe 1 and 2 of the EC Directive on Environmental Impact Assessment , due to be implemented in the UK by 3 July 1988. Agricultural projects include afforestation, poultry and pig rearing, water management projects and salmon breeding.
650 ## - SUBJECT ADDED ENTRY--TOPICAL TERM
Topical term or geographic name entry element AGRICULTURE
650 ## - SUBJECT ADDED ENTRY--TOPICAL TERM
Topical term or geographic name entry element POLLUTION
690 ## - LOCAL SUBJECT ADDED ENTRY--TOPICAL TERM (OCLC, RLIN)
Topical term or geographic name as entry element CONSERVATION AND THE ENVIRONMENT
700 ## - ADDED ENTRY--PERSONAL NAME
Personal name Robinson, A.
942 ## - ADDED ENTRY ELEMENTS (KOHA)
Suppress in OPAC 0
948 ## - LOCAL PROCESSING INFORMATION (OCLC); SERIES PART DESIGNATOR (RLIN)
c (OCLC) 04/03/1997
Holdings
Withdrawn status Lost status Source of classification or shelving scheme Damaged status Not for loan Home library Current library Shelving location Date acquired Total Checkouts Full call number Barcode Date last seen Copy number Price effective from Koha item type
    Dewey Decimal Classification     London London Journal article 14/09/1999   ABS39313 15883-1001 06/08/2019 1 06/08/2019 Journal article